| 000 | 00324cam a22001097a 4500 | ||
|---|---|---|---|
| 008 | 180718b1965 xxu||||| |||| 00| 0 eng d | ||
| 082 | _aY4068 In2m | ||
| 100 | _aChacko, V.J. | ||
| 245 |
_aA manual on sampling techniques for forest surveys _cby V.J. Chacko |
||
| 260 |
_aDelhi _bManager of Publications _c1965 |
||
| 300 | _a172+p. | ||
| 999 |
_c499204 _d499204 |
||